000
00324nam a2200121 a 4500
005
20140414131918.0
008
101021s19uu xx 00 eng d
050
_a
ER
_b
M85 1988
100
_a
Cameron, Ann
245
_a
The most beautiful place in the world.
260
_a
New York :
_b
Random House,
_c
1988.
999
_c
111624
_d
111624